El camino desde la estructura : ensayos filosóficos, 1970-1993, con una entrevista autobiográfica /

Contiene: repensando las revoluciones científicas, comentarios y réplicas, una conversación con Thomas S. Kuhn.

Guardado en:
Detalles Bibliográficos
Autor principal: Kuhn, Thomas S. (autor)
Otros autores: Conant, James Bryant (compilación) (compilación), Haugeland, John (compilación) (compilación)
Formato: Libro
Idioma:Español
Publicado: Barcelona, España : Paidós, 2002, c2002
Colección:(Paídos Básica ; 114)
Temas:
Etiquetas: Agrega una etiqueta
Sin etiquetas, Sé el primero en etiquetar este registro!

MARC

LEADER 00000nam^a2200000^a^4500
001 000136378
005 20250521000000.0
009 20260310095315.819
020 |a 84-493-1181-7 
037 |a Acervo ITESO - Biblioteca 
041 |a ESP 
082 |a 121.  |b KUN 
100 |a Kuhn, Thomas S.  |e (autor) 
245 1 3 |a El camino desde la estructura :  |b ensayos filosóficos, 1970-1993, con una entrevista autobiográfica /  |c T. Kuhn ; pról. de Jehane R. Kuhn ; comp. de J. Conant, J. Haugeland ; tr. por Antonio Beltrán, José Romo. 
264 4 |a Barcelona, España :  |b Paidós,  |c 2002, c2002 
300 |a 384 p. 
336 |a texto  |b txt  |2 rdacontenido 
337 |a sin mediación  |b n  |2 rdamedio 
338 |a volumen  |b nc  |2 rdasoporte 
440 1 |a (Paídos Básica ;  |v 114) 
500 |a Traducción de: The road since Structure 
520 |a Contiene: repensando las revoluciones científicas, comentarios y réplicas, una conversación con Thomas S. Kuhn. 
649 |a XX 
650 |a Ciencia -  |x Historia 
650 |a Sociología de la Ciencia 
650 |a Epistemología 
700 |a Conant, James Bryant  |e (compilación) 
700 |a Haugeland, John  |e (compilación) 
910 |a Fondo General 
920 |a Impresos - Libros 
930 |a Colección General 
905 |a 101 
901 |a 0500070009  |b IT1  |c ACC  |u 20250521 
902 |a https://opac.biblio.iteso.mx/vufind/Record/000136378